La canción mas escuchada/famosa del cantante del género urbano latino - Estadísticas

Estadísticas generales
  • Esta prueba ha sido intentada 420 veces
  • La puntuación promedio es 4 de 16
Estadísticas de respuestas
Hint Respuesta % Correcto
Karol G Tusa
46%
Anuel AA China
43%
Duki Goteo
34%
J Balvin Mi Gente
34%
Farruko Pepas
34%
Don Omar Danza Kuduro
29%
Maluma Felices los 4
28%
Jhayco No Me Conoce (remix)
21%
Sech Otro trago
21%
Daddy Yankee Con calma
20%
Eladio Carrion Kemba Walker
20%
Bad Bunny Mía
17%
Rauw Alejandro El Efecto
8%
Ozuna El farsante (remix)
5%
Myke Towers Bandido
4%
Wisin y Yandel Algo me gusta de ti
2%
No se encontraron pruebas coincidentes
Distribución de puntuación
Porcentaje de gente con cada puntuación
Porcentaje por número respondido
Historial de tus puntuaciones
No has intentado esta prueba.